Tasʹhīl al-fawāʼid wa-takmīl al-maqāṣid (Record no. 51078)

MARC details
000 -LEADER
fixed length control field 01126cam a22002891 4500
001 - CONTROL NUMBER
control field ne 68004604
003 - CONTROL NUMBER IDENTIFIER
control field DLC
005 - DATE AND TIME OF LATEST TRANSACTION
control field 20260227111850.0
008 - FIXED-LENGTH DATA ELEMENTS--GENERAL INFORMATION
fixed length control field 841005s19671968ua h b 000 0 arar
010 ## - LIBRARY OF CONGRESS CONTROL NUMBER
LC control number ne 68004604
020 ## - INTERNATIONAL STANDARD BOOK NUMBER
Terms of availability 1.05
035 ## - SYSTEM CONTROL NUMBER
System control number (OCoLC)11231663
040 ## - CATALOGING SOURCE
Original cataloging agency DLC
Transcribing agency TxU
Modifying agency TxU
-- DLC
050 00 - LIBRARY OF CONGRESS CALL NUMBER
Classification number PJ6151
Item number .I25
100 2# - MAIN ENTRY--PERSONAL NAME
Personal name Ibn Mālik, Muḥammad ibn ʻAbd Allāh,
Dates associated with a name -1274.
245 10 - TITLE STATEMENT
Title Tasʹhīl al-fawāʼid wa-takmīl al-maqāṣid
Statement of responsibility, etc. [taʼlīf] Ibn Mālik. Ḥaqqaqahu wa-qaddama lahu Muḥammad Kāmil Barakāt.
260 ## - PUBLICATION, DISTRIBUTION, ETC.
Place of publication, distribution, etc. [al-Qāhirah]
Name of publisher, distributor, etc. Dār al-Kātib al-ʻArabī
Date of publication, distribution, etc. 1967 [cover 1968]
300 ## - PHYSICAL DESCRIPTION
Extent 7, 100, 421 p.
Other physical details facsims.
Dimensions 27 cm.
490 1# - SERIES STATEMENT
Series statement Maktabah al-ʻArabīyah,
Volume/sequential designation 74. al-Turāth, 17. al-Adab, 42
500 ## - GENERAL NOTE
General note At head of title: al-Jumhūrīyah al-ʻArabīyah al-Muttaḥidah. Wizārat al-Thaqāfah.
500 ## - GENERAL NOTE
General note "al-Taʻrīf bi-Ibn Mālik."
500 ## - GENERAL NOTE
General note The editor's thesis (M.A.)--Cairo University.
504 ## - BIBLIOGRAPHY, ETC. NOTE
Bibliography, etc. note Bibliographical footnotes.
650 #0 - SUBJECT ADDED ENTRY--TOPICAL TERM
Topical term or geographic name entry element Arabic language
General subdivision Syntax.
700 1# - ADDED ENTRY--PERSONAL NAME
Personal name Barakāt, Muḥammad Kāmil,
Relator term ed.
830 #0 - SERIES ADDED ENTRY--UNIFORM TITLE
Uniform title Maktabah al-ʻArabīyah ;
Volume/sequential designation 74.

No items available.

Powered by Koha